Top 50 Christian Songs - Statistics

General Stats
  • This quiz has been taken 3 times
  • The average score is 13 of 50
Answer Stats
Streams Singer Song % Correct
306 million Matt Redman 10,000 Reasons (Bless the Lord)
100%
695 million Hillsong UNITED ft. TAYA Oceans (Where Feet May Fail)
100%
636 million Lauren Daigle You Say
100%
161 million Brandon Lake Gratitude
67%
170 million Hillsong Worship ft. Brooke Ligertwood King of Kings
67%
150 million Chris Tomlin Our God
67%
343 million Cory Asbury Reckless Love
67%
325 million Leeland Way Maker
67%
197 million Hillsong Worship ft. TAYA Broken Vessels (Amazing Grace)
33%
164 million Zach Williams Chain Breaker
33%
131 million Sanctus Real Confidence
33%
176 million Elevation Worship (Chris Brown) Do It Again
33%
155 million for KING & COUNTRY God Only Knows
33%
235 million Bethel Music (Jenn Johnson) Goodness of God
33%
149 million Elevation Worship ft. Brandon Lake Graves Into Gardens
33%
160 million One Sonic Society Great Are You Lord
33%
128 million Hillsong UNITED ft. Brooke Ligertwood Hosanna
33%
138 million Chris Tomlin How Great Is Our God
33%
204 million MercyMe I Can Only Imagine
33%
156 million Elevation Worship ft. Maverick City Music Jireh
33%
122 million Bethel Music ft. Steffany Gretzinger & Jeremy Riddle King of My Heart
33%
123 million Phil Wickham Living Hope
33%
150 million Matt Maher Lord I Need You
33%
157 million Casting Crowns ft. Matthew West Nobody
33%
181 million Bethel Music (Jonathan and Melissa Helser) Raise a Hallelujah
33%
296 million Lauren Daigle Rescue
33%
216 million Hillsong UNITED ft. Benjamin William Hastings So Will I (100 Billion X)
33%
479 million Hillsong Worship ft. Brooke Ligertwood What a Beautiful Name
33%
141 million Vertical Worship Yes I Will
33%
135 million MercyMe Even If
0%
138 million Passion Glorious Day
0%
126 million Newsboys God's Not Dead (Like A Lion)
0%
232 million Chris Tomlin Good Good Father
0%
124 million Bethel Music ft. Kristene DeMarco It Is Well
0%
122 million Hillsong UNITED ft. Brooke Frasier Lead Me To The Cross
0%
120 million Lauren Daigle Look Up Child
0%
176 million Bethel Music (Jonathan and Melissa Helser) No Longer Slaves
0%
274 million Elevation Worship O Come To The Altar
0%
227 million Elevation Worship ft. Brandon Lake Praise
0%
131 million Maverick City Music Promises
0%
115 million Elevation Worship (Chris Brown) See A Victory
0%
169 million Elevation Worship ft. Kari Jobe & Cody Carnes The Blessing
0%
166 million Hillsong Worship ft. Matt Crocker This I Believe (The Creed)
0%
156 million Phil Wickham This Is Amazing Grace
0%
148 million Hillsong UNITED ft. TAYA Touch The Sky
0%
174 million Mosaic MSC Tremble
0%
170 million Lauren Daigle Trust In You
0%
146 million Casting Crowns Who Am I
0%
114 million Hillsong UNITED ft. TAYA Whole Heart (Hold Me Now)
0%
288 million Hillsong Worship ft. Brooke Ligertwood Who You Say I Am
0%
No matching quizzes found
Score Distribution
Percent of People with Each Score
Percentile by Number Answered
Your Score History
You have not taken this quiz